000 00748nam a22002411 4500
001 10818
003 BD-RjUL
005 20211208235024.0
008 140125r1966 nyua b 001 0 eng
035 _a(BD-RjUL)10867
040 _aDLC/ICU
_cICU
_dDLC
_dBD-RjUL
_beng
041 _aeng
082 0 0 _a541.3453
_bADP 1966
100 1 _aAdamson, Arthur W.
_933446
245 1 0 _aPhysical chemistry of surfaces /
_cArthur W. Adamson
260 _aNew York :
_bInterscience Publishers,
_cc1960 [Reprinted 1966].
300 _axiv, 629 p. :
_billus. ;
_c23 cm.
504 _aIncludes bibliography and index.
650 0 _aSurface chemistry.
_933447
650 0 _aChemistry, Physical and theoretical.
_933448
942 _2ddc
_cBK
_01
999 _c10818
_d10818